000 00480 a2200157 4500
003 NUST
005 20230321123328.0
040 _cNust
082 _a954.91,BUT
100 _aButt, Tariq Waheed
_9110842
245 _aNew World Order Islam Aur Pakistan / نیو ورلڈ آرڈر اسلام اور پاکستان (Urdu) /
_cTariq Waheed Butt
260 _aLahore
_bFiction House
_c1998
300 _a526 P.;
650 _aPakistan and Islam
_9110843
942 _2ddc
_cBK
_k954.91,BUT
999 _c188113
_d188113